MARC

LEADER 00000nab a2200000 4500
001 vtls011772655
003 SK-MaSNL
005 20260318114526.0
008 180815c2018 xo er|n || ||00 c0ukr
015 |a SNBRB2018/08 
038 |a SVKPOCL 
040 |a SVKPOCL  |b slo  |c SVKPOCL  |e rda 
041 0 |a ukr 
043 |a e-pl--  |a n-us-ny 
044 |a xo  |c SK 
072 7 |a 398  |x Folklór  |2 konspekt 
080 |a (=161.25)(438)  |2 2011 
080 |a 398:394.2:7.079  |2 2011 
080 |a 394(438):7.079  |2 2011 
080 |a 316.022.4(=161.2)(438)  |2 2011 
080 |a 7.079  |2 2011 
080 |a 394(734.7)  |2 2011 
080 |a (=161.25)(734.7)  |2 2011 
080 |a 316.022.4(=161.2)(734.7)  |2 2011 
100 1 |a Iľuk, Miroslav,  |d 1942-  |4 aut  |9 6395 
245 1 0 |a Lemkivs'ki svjata i festyvali  |c [autor] -mi- 
336 |a text  |b txt  |2 rdacontent 
337 |a bez média  |b n  |2 rdamedia 
338 |a zväzok  |b nc  |2 rdacarrier 
500 |a Odkrytie akronymu je s autorovým súhlasom 
610 2 7 |a Lemko vatra USA  |n (18. :  |d 2018 :  |c Elenville, NY)  |2 svkpocl  |9 1625403 
611 2 7 |a Lemkovská vatra  |n (36. :  |d 2018 :  |c Zdynia, Poľsko)  |2 svkpocl  |9 1625404 
648 7 |a 2018  |2 svkpocl  |9 351415 
650 0 7 |a kultúra  |2 SNKPH  |9 886 
650 0 7 |a kultúra národnostných menšín  |2 svkpocl  |9 394278 
650 0 7 |a Rusíni  |2 SNKPH  |9 4087 
650 0 7 |a folklórne festivaly  |2 SNKPH  |9 29324 
650 0 7 |a Lemkovia  |2 SNKPH  |9 27189 
650 0 7 |a folklórne slávnosti  |2 SNKPH  |9 74761 
650 0 7 |a koncerty  |2 SNKPH  |9 19182 
650 0 7 |a Ukrajinci  |2 SNKPH  |9 19025 
651 7 |a Zdynia (Poľsko)  |2 svkpocl  |9 1220848 
651 7 |a Poľsko  |2 SNKPH  |9 16755 
651 7 |a Elenville (N.Y.)  |2 svkpocl  |9 1625405 
651 7 |a New York (štát)  |2 SNKPHgeo  |9 49324 
773 0 |t Nove žyttja  |g Roč. 68, č. 5 (2018), s. [1] 
852 |a SVKPO  |b KIS3GCP 
958 |a RN 
958 |a SS 
958 |a UK 
958 |a PL 
958 |a US 
958 |a NM 
999 |c 3352613  |d 3354543